ბათუმის შოთა რუსთაველის სახელმწიფო უნივერსიტეტის ბიბლიოთეკა

ლექსები.რჩეული (ბიბ.ჩანაწერი № 42387)

000 -LEADER
fixed length control field 00678nam a2200205Ia 4500
001 - CONTROL NUMBER
control field 9083
003 - CONTROL NUMBER IDENTIFIER
control field GE_BSU
008 - FIXED-LENGTH DATA ELEMENTS--GENERAL INFORMATION
fixed length control field 181216s||||||||xx |||||||||||||| ||und||
040 ## - CATALOGING SOURCE
Transcribing agency GE_BSU
080 ## - UNIVERSAL DECIMAL CLASSIFICATION NUMBER
Universal Decimal Classification number 821.353.1–1
100 ## - MAIN ENTRY--PERSONAL NAME
Personal name ლებანიძე,მურმან
245 ## - TITLE STATEMENT
Title ლექსები.რჩეული
245 ## - TITLE STATEMENT
Statement of responsibility, etc. რედ.ვ.ჯავახაძე,მხატვ.თ.სამსონაძე
260 ## - PUBLICATION, DISTRIBUTION, ETC.
Place of publication, distribution, etc. თბილისი
260 ## - PUBLICATION, DISTRIBUTION, ETC.
Name of publisher, distributor, etc. საბჭოთა საქართველო
260 ## - PUBLICATION, DISTRIBUTION, ETC.
Date of publication, distribution, etc. 1967
300 ## - PHYSICAL DESCRIPTION
Extent 251გვ.1ფ.პორტრ.13სმ.
653 ## - INDEX TERM--UNCONTROLLED
Uncontrolled term ლექსები.რჩეული
942 ## - ADDED ENTRY ELEMENTS (KOHA)
Koha item type წიგნი
ეგზემპლარები
Withdrawn status Lost status Damaged status Not for loan Date acquired Barcode Date last seen Price effective from Koha item type
        2018-12-17 31771 2018-12-17 2018-12-17 წიგნი
        2018-12-17 31772 2018-12-17 2018-12-17 წიგნი